Global geography / (Record no. 151662)

MARC details
000 -LEADER
fixed length control field 00526nam a22001937a 4500
005 - DATE AND TIME OF LATEST TRANSACTION
control field 20180423114120.0
010 ## - LCCN (DPL NO)
LC control number ENG-122651
020 ## - INTERNATIONAL STANDARD BOOK NUMBER
Terms of availability 895.00
International Standard Book Number 9788190515597
035 ## - SYSTEM CONTROL NUMBER
System control number EN-106183
037 ## - SOURCE OF ACQUISITION
Source of stock number/acquisition DBAD/PUB
082 ## - DEWEY DECIMAL CLASSIFICATION NUMBER
Classification number 910
100 ## - MAIN ENTRY--PERSONAL NAME
Personal name Singh,Anamika
245 ## - TITLE STATEMENT
Title Global geography /
Statement of responsibility, etc by Anamika Singh
260 ## - PUBLICATION, DISTRIBUTION, ETC. (IMPRINT)
Date of publication, distribution, etc 2018
Place of publication, distribution, etc Delhi
Name of publisher, distributor, etc Yogi Publication
270 ## - ADDRESS
Address 77/1, East Azad Nagar,
City Delhi
Postal code 110051
300 ## - PHYSICAL DESCRIPTION
Dimensions 22cm(Hb)
Extent 296P.
500 ## - GENERAL NOTE
General note It includes index
942 ## - ADDED ENTRY ELEMENTS (KOHA)
Item type English Books
Source of classification or shelving scheme Dewey Decimal Classification
Call number suffix SIN
Classification part 910

No items available.


© Delhi Public Library
Hit Counter
free hit counter